Statistics for Five Closest Countries by City #2

Click here to take the quiz!

General Stats

  • This quiz has been taken 3,139 times
  • The average score is 29 of 39

Answer Stats

City#Country% Correct
Dubai177Saudi Arabia
97%
Dubai40Oman
96%
Istanbul124Greece
94%
Anchorage664Russia
94%
Munich37Austria
91%
Dubai47Iran
91%
Dubai227Qatar
91%
Munich97Switzerland
89%
Istanbul84Bulgaria
85%
Anchorage294Canada
85%
Cancún382United States
84%
Dubai280Bahrain
83%
Istanbul190Romania
82%
Malé1423Yemen
82%
Anchorage, Almaty2947, 144China
81%
Malé377India
81%
Cancún132Cuba
79%
Munich77Italy
79%
Anchorage2629Japan
78%
Cancún277Guatemala
77%
Munich112Liechtenstein
77%
Cancún209Belize
75%
Malé1398Pakistan
74%
Cancún328Honduras
73%
Almaty418Afghanistan
69%
Malé472Sri Lanka
69%
Istanbul292Ukraine
69%
Almaty251Uzbekistan
68%
Almaty312Tajikistan
67%
Almaty16Kyrgyzstan
66%
Istanbul311Moldova
65%
Timbuktu248Niger
65%
Anchorage2466Mexico
64%
Timbuktu158Mauritania
61%
Timbuktu387Algeria
60%
Munich100Czech Republic
57%
Timbuktu173Burkina Faso
56%
Timbuktu399Ghana
46%
Malé1350Seychelles
38%

Score Distribution

Percentile by Number Answered

Percent of People with Each Score

Your Score History

You have not taken this quiz